[Event "Qatar Masters Open 2014"]
[Site "Doha QAT"]
[Date "2014.12.02"]
[Round "7.30"]
[White "Danielian, Elina"]
[Black "Gopal, G.N."]
[Result "1/2-1/2"]
[WhiteElo "2487"]
[BlackElo "2580"]
[PlyCount "112"]
[EventDate "2014.11.26"]
[EventType "swiss"]
[EventRounds "9"]
[EventCountry "QAT"]
[Source "lmi"]
[SourceDate "2014.11.26"]

1. Nf3 c5 2. c4 Nf6 3. g3 d5 4. Bg2 Nc6 5. d4 dxc4 6. O-O cxd4 7. Na3 g6 8. Qa4
Bd7 9. Qxc4 Bg7 10. Nxd4 Rc8 11. Rd1 Qb6 12. Nb3 Be6 13. Qc5 Nd7 14. Qxb6 axb6
15. Nb5 Nc5 16. N3d4 Bd7 17. Be3 O-O 18. Rac1 Ra8 19. Nc3 Nxd4 20. Bxd4 Be6 21.
b4 Na4 22. Nd5 Bxd4 23. Rxd4 Rfd8 24. e3 Kf8 25. a3 Rd6 26. Nc7 Rxd4 27. exd4
Rd8 28. Nxe6+ fxe6 29. Bxb7 Rxd4 30. Ba6 e5 31. Kg2 Rd2 32. Re1 Ra2 33. Re3 Nb2
34. Be2 e4 35. h4 Kf7 36. g4 h6 37. g5 hxg5 38. hxg5 Ra1 39. Kg3 e5 40. Kg2 Ke6
41. Ba6 Nd3 42. Bxd3 exd3 43. Rxd3 Kf5 44. Re3 Kf4 45. Kh2 e4 46. Kg2 b5 47.
Rc3 Kxg5 48. Rc5+ Kf4 49. Rxb5 Rxa3 50. Rb8 Ra2 51. b5 e3 52. Rf8+ Kg5 53. b6
Rb2 54. b7 e2 55. Re8 Rxb7 56. Rxe2 Kf6 1/2-1/2

[Event "Qatar Masters Open 2014"]
[Site "Doha QAT"]
[Date "2014.12.02"]
[Round "7.32"]
[White "Harika, Dronavalli"]
[Black "Melkumyan, Hrant"]
[Result "0-1"]
[WhiteElo "2505"]
[BlackElo "2678"]
[PlyCount "124"]
[EventDate "2014.11.26"]
[EventType "swiss"]
[EventRounds "9"]
[EventCountry "QAT"]
[Source "lmi"]
[SourceDate "2014.11.26"]

1. d4 Nf6 2. Nf3 d5 3. e3 c5 4. Nbd2 Nbd7 5. Be2 g6 6. O-O Bg7 7. c4 O-O 8. b3
cxd4 9. Nxd4 e5 10. Nb5 a6 11. Nd6 Nc5 12. Nxc8 Rxc8 13. Ba3 e4 14. Rc1 d4 15.
Bxc5 Rxc5 16. exd4 Qxd4 17. b4 Rcc8 18. Nb3 Qe5 19. Rc2 e3 20. Bf3 Ne4 21. fxe3
Nc3 22. Qd3 b5 23. cxb5 axb5 24. Nd4 Nd5 25. Rxc8 Rxc8 26. Nc6 Rxc6 27. Bxd5
Rf6 28. Rxf6 Bxf6 29. g3 Bg5 30. e4 Kg7 31. a3 Qb2 32. Qf3 Bf6 33. h4 h5 34.
Kh1 Qd2 35. Kg1 Bd4+ 36. Kf1 f6 37. Bb3 Bb2 38. Bd5 Qc1+ 39. Kg2 Bxa3 40. Qe2
Bxb4 41. e5 f5 42. Qxb5 Qb2+ 43. Kh3 Qxe5 44. Qd7+ Kh6 45. Bg8 Be7 46. Qd2+ Kg7
47. Qa2 Qf6 48. Qc4 f4 49. Bd5 fxg3 50. Kxg3 Qe5+ 51. Kg2 Bxh4 52. Qd3 Qb2+ 53.
Kh3 Bf6 54. Be4 Be5 55. Qc2 Qa3+ 56. Qd3 Qa2 57. Qc2 Qa3+ 58. Qd3 Qb2 59. Qc2
Qd4 60. Qc6 Qe3+ 61. Kg2 Qe2+ 62. Kg1 Bd4+ 0-1

[Event "Qatar Masters Open 2014"]
[Site "Doha QAT"]
[Date "2014.12.02"]
[Round "7.33"]
[White "Fedorchuk, Sergey A"]
[Black "Al-Sayed, Mohammed"]
[Result "0-1"]
[WhiteElo "2664"]
[BlackElo "2507"]
[PlyCount "130"]
[EventDate "2014.11.26"]
[EventType "swiss"]
[EventRounds "9"]
[EventCountry "QAT"]
[Source "lmi"]
[SourceDate "2014.11.26"]

1. e4 c5 2. Nf3 d6 3. d4 cxd4 4. Nxd4 Nf6 5. Nc3 a6 6. h3 e6 7. g4 Nfd7 8. g5
b5 9. a3 Bb7 10. h4 Nb6 11. Rh3 g6 12. f4 N8d7 13. h5 Bg7 14. f5 exf5 15. exf5
O-O 16. f6 Re8+ 17. Kf2 Nxf6 18. gxf6 Qxf6+ 19. Nf3 Re5 20. h6 Bxf3 21. Rxf3
Qh4+ 22. Kg1 Re1 23. Qxe1 Qxe1 24. hxg7 Nc4 25. Rf2 Ne3 26. Bxe3 Qxe3 27. Bg2
Ra7 28. Rd1 Kxg7 29. Rxd6 Qc1+ 30. Nd1 Re7 31. Kf1 a5 32. Rdd2 b4 33. a4 Re5
34. Bd5 Rf5 35. Ke1 Rxf2 36. Rxf2 f5 37. Rd2 h5 38. Bf3 h4 39. Rd5 Qxc2 40.
Rxa5 Qd3 41. Bh1 Qd4 42. Bb7 h3 43. Rd5 Qb6 44. Rb5 Qe6+ 45. Kd2 h2 46. Bh1 Qc4
47. Rb7+ Kh6 48. Re7 Qd4+ 49. Ke2 Qg4+ 50. Kd2 b3 51. Re3 Qxa4 52. Rh3+ Kg7 53.
Nf2 Qd4+ 54. Nd3 Qg1 55. Bd5 g5 56. Rh5 Kg6 57. Rh8 g4 58. Kc3 g3 59. Kc4 Qe3
60. Rh4 Kf6 61. Rh8 Qg5 62. Rf8+ Ke7 63. Rf7+ Kd6 64. Bg2 Qg8 65. Bd5 Qxf7 0-1

[Event "Qatar Masters Open 2014"]
[Site "Doha QAT"]
[Date "2014.12.02"]
[Round "7.34"]
[White "Karthikeyan, Murali"]
[Black "Mchedlishvili, Mikheil"]
[Result "1/2-1/2"]
[WhiteElo "2497"]
[BlackElo "2622"]
[PlyCount "46"]
[EventDate "2014.11.26"]
[EventType "swiss"]
[EventRounds "9"]
[EventCountry "QAT"]
[Source "lmi"]
[SourceDate "2014.11.26"]

1. e4 c5 2. Nf3 e6 3. d4 cxd4 4. Nxd4 Nc6 5. Nc3 a6 6. Be2 d6 7. Be3 Nf6 8. O-O
Be7 9. a4 O-O 10. f4 Qc7 11. Qe1 Nxd4 12. Bxd4 e5 13. fxe5 dxe5 14. Qg3 Bc5 15.
Bxc5 Qxc5+ 16. Kh1 Kh8 17. Rxf6 gxf6 18. Qh4 Rg8 19. Qxf6+ Rg7 20. Qd8+ Rg8 21.
Qf6+ Rg7 22. Qd8+ Rg8 23. Qf6+ Rg7 1/2-1/2

[Event "Qatar Masters Open 2014"]
[Site "Doha QAT"]
[Date "2014.12.02"]
[Round "7.35"]
[White "Shyam, Sundar M"]
[Black "Anton Guijarro, David"]
[Result "0-1"]
[WhiteElo "2484"]
[BlackElo "2607"]
[PlyCount "92"]
[EventDate "2014.11.26"]
[EventType "swiss"]
[EventRounds "9"]
[EventCountry "QAT"]
[Source "lmi"]
[SourceDate "2014.11.26"]

1. e4 e5 2. Nf3 Nc6 3. Bc4 Bc5 4. c3 Nf6 5. b4 Be7 6. d3 O-O 7. Bg5 h6 8. Bxf6
Bxf6 9. O-O d6 10. Nbd2 Ne7 11. Re1 Ng6 12. Nf1 c6 13. Ne3 Re8 14. a4 a5 15.
Qb3 Qd7 16. Rad1 axb4 17. cxb4 Nf4 18. a5 Ne6 19. Nf5 Qc7 20. d4 Nxd4 21. N3xd4
exd4 22. Bxf7+ Qxf7 23. Qxf7+ Kxf7 24. Nxd6+ Kf8 25. Nxe8 Kxe8 26. e5 Be7 27.
Rxd4 c5 28. bxc5 Rxa5 29. e6 Rxc5 30. h3 Rc6 31. Rde4 b5 32. Rb1 Rb6 33. Rg4 g5
34. Re4 b4 35. f4 gxf4 36. Rxf4 Bxe6 37. Kh1 b3 38. Rf2 Bh4 39. Rf4 Bg5 40. Re4
Kf7 41. Rf1+ Kg7 42. h4 Bf6 43. Kh2 h5 44. Ra4 b2 45. Ra5 Kg6 46. Rb1 Bf5 0-1

[Event "Qatar Masters Open 2014"]
[Site "Doha QAT"]
[Date "2014.12.02"]
[Round "7.36"]
[White "Sandipan, Chanda"]
[Black "Khotenashvili, Bela"]
[Result "0-1"]
[WhiteElo "2603"]
[BlackElo "2504"]
[PlyCount "124"]
[EventDate "2014.11.26"]
[EventType "swiss"]
[EventRounds "9"]
[EventCountry "QAT"]
[Source "lmi"]
[SourceDate "2014.11.26"]

1. d4 d5 2. c4 e6 3. Nc3 Be7 4. Nf3 Nf6 5. Bg5 O-O 6. e3 h6 7. Bxf6 Bxf6 8. Rc1
c6 9. Bd3 Nd7 10. O-O dxc4 11. Bxc4 e5 12. Ne4 exd4 13. Nxf6+ Qxf6 14. Qxd4
Qxd4 15. Nxd4 Nb6 16. Bb3 Rd8 17. f3 a5 18. a3 a4 19. Ba2 Kf8 20. Rfd1 Ke7 21.
Kf2 Be6 22. Nxe6 fxe6 23. f4 Rxd1 24. Rxd1 Ra5 25. Rc1 e5 26. Kf3 Nd7 27. Rc4
Kf6 28. g3 Nc5 29. Bb1 Rb5 30. Bc2 exf4 31. gxf4 g5 32. h3 Ne6 33. f5 Nf8 34.
Rd4 Rxb2 35. Be4 h5 36. Rd8 Ke7 37. Ra8 Nd7 38. Bd3 b5 39. Rg8 Ne5+ 40. Ke4 Nf7
41. Rg6 b4 42. Rxc6 bxa3 43. f6+ Kd7 44. Rc1 Nd6+ 45. Ke5 a2 46. Ra1 Rf2 47.
Bg6 Nc4+ 48. Kd5 Na5 49. f7 Ke7 50. Rc1 Nb3 51. Rc7+ Kf8 52. Rc8+ Kg7 53. Rg8+
Kh6 54. Bd3 Rxf7 55. Ke6 Rf3 56. Rg6+ Kh7 57. Rf6+ Kg8 58. Rxf3 a1=Q 59. Rf5
Qg1 60. Kf6 Qxe3 61. Rxg5+ Kf8 62. Bh7 Qe7+ 0-1

[Event "Qatar Masters Open 2014"]
[Site "Doha QAT"]
[Date "2014.12.02"]
[Round "7.38"]
[White "Huang, Qian"]
[Black "Bogner, Sebastian"]
[Result "1/2-1/2"]
[WhiteElo "2464"]
[BlackElo "2598"]
[PlyCount "69"]
[EventDate "2014.11.26"]
[EventType "swiss"]
[EventRounds "9"]
[EventCountry "QAT"]
[Source "lmi"]
[SourceDate "2014.11.26"]

1. c4 e5 2. Nc3 Nf6 3. Nf3 Nc6 4. g3 Bb4 5. Bg2 d6 6. O-O O-O 7. d3 h6 8. Bd2
a5 9. Nd5 Bc5 10. Bc3 Nxd5 11. cxd5 Nd4 12. e3 Nxf3+ 13. Bxf3 Bb6 14. Bg2 f5
15. d4 e4 16. f3 exf3 17. Rxf3 Bd7 18. a4 Qe8 19. Kh1 g5 20. Qd3 Kg7 21. b3 Qg6
22. Raf1 Rae8 23. Bd2 Re7 24. R3f2 Ref7 25. Bc3 Re7 26. Bd2 Rfe8 27. Bh3 g4 28.
Bg2 Kh8 29. Rf4 h5 30. Qe2 Rh7 31. Qf2 Rhe7 32. h4 Kg7 33. Qe2 Qf6 34. Qd3 Qg6
35. Kh2 1/2-1/2

[Event "Qatar Masters Open 2014"]
[Site "Doha QAT"]
[Date "2014.12.02"]
[Round "7.39"]
[White "Hovhannisyan, Robert"]
[Black "Javakhishvili, Lela"]
[Result "1/2-1/2"]
[WhiteElo "2591"]
[BlackElo "2486"]
[PlyCount "108"]
[EventDate "2014.11.26"]
[EventType "swiss"]
[EventRounds "9"]
[EventCountry "QAT"]
[Source "lmi"]
[SourceDate "2014.11.26"]

1. e4 c5 2. Nf3 e6 3. g3 Nc6 4. Bg2 Nf6 5. Qe2 e5 6. O-O Be7 7. Na3 O-O 8. d3
h6 9. Nc4 d6 10. a4 Re8 11. c3 Bf8 12. h3 Be6 13. Re1 g6 14. g4 Qd7 15. Be3 h5
16. Ng5 hxg4 17. Nxe6 Qxe6 18. Kh2 Be7 19. Bg5 Nh5 20. hxg4 Bxg5 21. gxh5 Bf4+
22. Kg1 Kg7 23. hxg6 fxg6 24. Ne3 Re7 25. Qf3 Rh8 26. Qg4 Bxe3 27. Qxe6 Bxf2+
28. Kxf2 Rxe6 29. Kg3 Rf6 30. Rf1 Rxf1 31. Rxf1 Rf8 32. Rb1 Rf7 33. Bh3 Nd8 34.
a5 Rc7 35. Bg4 Nc6 36. Ra1 Kf6 37. Bd1 Nd8 38. Bb3 Ne6 39. Rh1 Nf4 40. Bc4 Nh5+
41. Kg4 Rh7 42. Bg8 Rh8 43. Bd5 Kg7 44. Kf3 Rb8 45. b4 Nf4 46. bxc5 dxc5 47.
Ke3 g5 48. d4 cxd4+ 49. cxd4 Rd8 50. dxe5 Nxd5+ 51. exd5 Rxd5 52. Ke4 Rxa5 53.
Kf5 g4 54. Rc1 Ra6 1/2-1/2

[Event "Qatar Masters Open 2014"]
[Site "Doha QAT"]
[Date "2014.12.02"]
[Round "7.40"]
[White "Seyb, Alexander"]
[Black "Ju, Wenjun"]
[Result "1/2-1/2"]
[WhiteElo "2412"]
[BlackElo "2582"]
[PlyCount "61"]
[EventDate "2014.11.26"]
[EventType "swiss"]
[EventRounds "9"]
[EventCountry "QAT"]
[Source "lmi"]
[SourceDate "2014.11.26"]

1. e4 c5 2. Nf3 a6 3. c3 e6 4. d4 d5 5. exd5 exd5 6. g3 Nf6 7. Bg2 Be7 8. dxc5
Bxc5 9. O-O O-O 10. Bg5 Be7 11. Nbd2 h6 12. Bxf6 Bxf6 13. Nb3 Nc6 14. Qd3 Be6
15. Rfe1 Qb6 16. Qe3 Qxe3 17. Rxe3 Rad8 18. Rae1 Rd6 19. h4 b6 20. Bf1 d4 21.
Nbxd4 Nxd4 22. Nxd4 Bxd4 23. cxd4 Rxd4 24. a3 a5 25. Rd3 Rfd8 26. Red1 Rxd3 27.
Rxd3 Rxd3 28. Bxd3 Kf8 29. f4 Ke7 30. Kf2 Kd6 31. b4 1/2-1/2

[Event "Qatar Masters Open 2014"]
[Site "Doha QAT"]
[Date "2014.12.02"]
[Round "7.42"]
[White "Xu, Yinglun"]
[Black "Ghaem Maghami, Ehsan"]
[Result "1/2-1/2"]
[WhiteElo "2410"]
[BlackElo "2559"]
[PlyCount "39"]
[EventDate "2014.11.26"]
[EventType "swiss"]
[EventRounds "9"]
[EventCountry "QAT"]
[Source "lmi"]
[SourceDate "2014.11.26"]

1. d4 Nf6 2. c4 e6 3. Nf3 d5 4. Nc3 dxc4 5. e4 Bb4 6. Bg5 h6 7. Bxf6 Qxf6 8.
Qa4+ Nc6 9. Bxc4 O-O 10. O-O Bd7 11. Rad1 Bxc3 12. bxc3 Nxd4 13. Qxd7 Nxf3+ 14.
gxf3 Rad8 15. Qa4 Qxf3 16. Qc2 Qg4+ 17. Kh1 Qf3+ 18. Kg1 Qg4+ 19. Kh1 Qf3+ 20.
Kg1 1/2-1/2

[Event "Qatar Masters Open 2014"]
[Site "Doha QAT"]
[Date "2014.12.02"]
[Round "7.43"]
[White "Gagare, Shardul"]
[Black "Gao, Rui"]
[Result "1/2-1/2"]
[WhiteElo "2411"]
[BlackElo "2523"]
[PlyCount "81"]
[EventDate "2014.11.26"]
[EventType "swiss"]
[EventRounds "9"]
[EventCountry "QAT"]
[Source "lmi"]
[SourceDate "2014.11.26"]

1. d4 Nf6 2. Nf3 g6 3. c4 Bg7 4. g3 d5 5. cxd5 Nxd5 6. Bg2 Nb6 7. Nc3 Nc6 8. e3
O-O 9. O-O Re8 10. Re1 a5 11. Qe2 Be6 12. Rd1 Bc4 13. Qc2 Nb4 14. Qb1 e5 15. a3
exd4 16. exd4 N4d5 17. Bg5 f6 18. Bd2 Nxc3 19. Bxc3 a4 20. h4 Bd5 21. Re1 Qd7
22. Qd3 Qf7 23. Rac1 c6 24. Qd2 Nc4 25. Qf4 Bf8 26. Rxe8 Rxe8 27. Re1 Re6 28.
Rxe6 Bxe6 29. Qb8 Qd7 30. Ne1 Kf7 31. Nd3 Bd5 32. Nc5 Bxc5 33. dxc5 Bxg2 34.
Kxg2 Qd5+ 35. Kh2 Qf3 36. Qxb7+ Ke6 37. Qc8+ Ke7 38. Qc7+ Ke6 39. Qc8+ Ke7 40.
Qc7+ Ke6 41. Qc8+ 1/2-1/2

[Event "Qatar Masters Open 2014"]
[Site "Doha QAT"]
[Date "2014.12.02"]
[Round "7.44"]
[White "Xu, Jun"]
[Black "Das, Sayantan"]
[Result "1/2-1/2"]
[WhiteElo "2523"]
[BlackElo "2444"]
[PlyCount "62"]
[EventDate "2014.11.26"]
[EventType "swiss"]
[EventRounds "9"]
[EventCountry "QAT"]
[Source "lmi"]
[SourceDate "2014.11.26"]

1. c4 Nf6 2. Nc3 e5 3. Nf3 Nc6 4. e3 Bb4 5. Qc2 O-O 6. Nd5 d6 7. a3 Ba5 8. b4
Bb6 9. Ng5 g6 10. Nxf6+ Qxf6 11. Ne4 Qe7 12. Bb2 f5 13. Nc3 Be6 14. Nd5 Bxd5
15. cxd5 Nb8 16. Be2 Nd7 17. O-O a5 18. f4 axb4 19. axb4 Rxa1 20. Bxa1 exf4 21.
Rxf4 Ne5 22. Kh1 Rf7 23. Bb2 Qg5 24. Qb3 Qe7 25. Qc2 Qg5 26. Qb3 h5 27. Qa4 Qd8
28. Qc2 Qg5 29. Qa4 Qd8 30. Qc2 Qg5 31. Qa4 Qd8 1/2-1/2

[Event "Qatar Masters Open 2014"]
[Site "Doha QAT"]
[Date "2014.12.02"]
[Round "7.45"]
[White "Libiszewski, Fabien"]
[Black "Vijayalakshmi, Subbaraman"]
[Result "1-0"]
[WhiteElo "2522"]
[BlackElo "2335"]
[PlyCount "85"]
[EventDate "2014.11.26"]
[EventType "swiss"]
[EventRounds "9"]
[EventCountry "QAT"]
[Source "lmi"]
[SourceDate "2014.11.26"]

1. e4 c5 2. Nf3 Nc6 3. Nc3 e5 4. Bc4 d6 5. d3 Be7 6. O-O Bg4 7. h3 Bh5 8. Nd5
Nf6 9. c3 Qd7 10. a3 Nxd5 11. Bxd5 Nd8 12. b4 Bxf3 13. Qxf3 O-O 14. Qg3 Bf6 15.
bxc5 dxc5 16. Rb1 Nc6 17. Be3 b6 18. Qg4 Qxg4 19. hxg4 Rac8 20. g5 Bd8 21. g3
Ne7 22. Bc4 Bc7 23. Kg2 Bd6 24. Rh1 Rfd8 25. Rh2 Ng6 26. Rbh1 Nf8 27. g6 Nxg6
28. Rxh7 a6 29. a4 Ra8 30. Bg5 Rd7 31. Kf3 Rda7 32. Ke3 b5 33. Bd5 Re8 34. f4
exf4+ 35. gxf4 Bxf4+ 36. Bxf4 c4 37. d4 b4 38. cxb4 c3 39. Be5 c2 40. Kd2 Rc8
41. Kc1 Re7 42. Rxg7+ Kf8 43. Rxg6 1-0

[Event "Qatar Masters Open 2014"]
[Site "Doha QAT"]
[Date "2014.12.02"]
[Round "7.47"]
[White "Halkias, Stelios"]
[Black "Abdumalik, Zhansaya"]
[Result "1-0"]
[WhiteElo "2519"]
[BlackElo "2332"]
[PlyCount "83"]
[EventDate "2014.11.26"]
[EventType "swiss"]
[EventRounds "9"]
[EventCountry "QAT"]
[Source "lmi"]
[SourceDate "2014.11.26"]

1. c4 c5 2. Nf3 Nf6 3. Nc3 Nc6 4. e3 e6 5. d4 d5 6. cxd5 Nxd5 7. Bd3 Be7 8. O-O
O-O 9. a3 cxd4 10. exd4 Bf6 11. Bc2 g6 12. Bh6 Bg7 13. Qd2 b6 14. Be4 Ba6 15.
Rfe1 Rc8 16. Bxg7 Kxg7 17. Bxd5 exd5 18. Ne5 Ne7 19. Ng4 Ng8 20. Qf4 h5 21. Ne3
Bb7 22. Nb5 Rc6 23. Nxa7 Rf6 24. Qe5 Qd7 25. a4 Ba6 26. Nb5 Bxb5 27. axb5 Rd8
28. Rac1 Qxb5 29. g4 Kf8 30. gxh5 Qxb2 31. Ng4 Re6 32. Qf4 Rxe1+ 33. Rxe1 Qb4
34. Rc1 gxh5 35. Ne5 f6 36. Ng6+ Ke8 37. Qf5 Qd6 38. Re1+ Kf7 39. Ne5+ Kf8 40.
Ng6+ Kf7 41. Nf4 Ne7 42. Qh7+ 1-0

[Event "Qatar Masters Open 2014"]
[Site "Doha QAT"]
[Date "2014.12.02"]
[Round "7.48"]
[White "Gomez, John Paul"]
[Black "Christiansen, Johan-Sebastian"]
[Result "1-0"]
[WhiteElo "2510"]
[BlackElo "2310"]
[PlyCount "57"]
[EventDate "2014.11.26"]
[EventType "swiss"]
[EventRounds "9"]
[EventCountry "QAT"]
[Source "lmi"]
[SourceDate "2014.11.26"]

1. c4 e5 2. g3 Nf6 3. Bg2 c6 4. d4 Bb4+ 5. Bd2 Bxd2+ 6. Qxd2 d6 7. e4 O-O 8.
Ne2 Qc7 9. Nbc3 a5 10. b3 Bg4 11. f3 Bh5 12. h4 h6 13. g4 Bg6 14. g5 hxg5 15.
hxg5 Nh7 16. f4 exf4 17. Nxf4 Qe7 18. O-O-O Nd7 19. Bh3 Rfd8 20. Bxd7 Rxd7 21.
Qh2 Qxg5 22. Rdg1 Qh6 23. Qg3 Nf8 24. Rxh6 gxh6 25. Qh4 Kg7 26. Nh5+ Kh7 27.
Nf6+ Kg7 28. Nxd7 Nxd7 29. Rxg6+ 1-0

[Event "Qatar Masters Open 2014"]
[Site "Doha QAT"]
[Date "2014.12.02"]
[Round "7.49"]
[White "Daulyte, Deimante"]
[Black "Bartel, Mateusz"]
[Result "0-1"]
[WhiteElo "2364"]
[BlackElo "2662"]
[PlyCount "114"]
[EventDate "2014.11.26"]
[EventType "swiss"]
[EventRounds "9"]
[EventCountry "QAT"]
[Source "lmi"]
[SourceDate "2014.11.26"]

1. e4 c5 2. Nc3 Nc6 3. Bb5 e6 4. Bxc6 bxc6 5. d3 d5 6. f4 Nf6 7. Nf3 Ba6 8. e5
Nd7 9. b3 Be7 10. O-O O-O 11. Re1 Qc7 12. Na4 Nb6 13. Nxb6 axb6 14. c4 Bc8 15.
Qc2 Bd7 16. Be3 f5 17. Bf2 Rfc8 18. Bh4 Bf8 19. h3 Be8 20. Kh1 Ra3 21. Nd2 Rca8
22. Nb1 R3a6 23. Bf2 Be7 24. Rc1 d4 25. Qe2 Qa7 26. Rc2 b5 27. Nd2 Bd8 28. Be1
h6 29. Kh2 Bb6 30. Nb1 Qb8 31. Kh1 R8a7 32. Kh2 Qa8 33. a3 Bf7 34. Rca2 Qe8 35.
Bh4 Bh5 36. Qc2 g5 37. fxg5 Bc7 38. cxb5 Bxe5+ 39. Kg1 cxb5 40. Qxc5 Bf4 41.
Nd2 hxg5 42. Bf2 Rc7 43. Qxd4 Rd6 44. Qf6 Rxd3 45. Nf1 Rf7 46. Qh6 Rh7 47. Qf6
g4 48. a4 b4 49. Bd4 e5 50. Bc5 gxh3 51. Re1 Rf7 52. Qa6 Qd8 53. Rf2 hxg2 54.
Rxg2+ Kh7 55. Bb6 Qd6 56. Qc8 Qxb6+ 57. Kh1 Rh3+ 0-1

[Event "Qatar Masters Open 2014"]
[Site "Doha QAT"]
[Date "2014.12.02"]
[Round "7.50"]
[White "Sargissian, Gabriel"]
[Black "Sardana, Rishi"]
[Result "1-0"]
[WhiteElo "2687"]
[BlackElo "2415"]
[PlyCount "53"]
[EventDate "2014.11.26"]
[EventType "swiss"]
[EventRounds "9"]
[EventCountry "QAT"]
[Source "lmi"]
[SourceDate "2014.11.26"]

1. Nf3 d5 2. g3 c6 3. Bg2 Bg4 4. c4 e6 5. O-O Nf6 6. d3 Nbd7 7. cxd5 exd5 8.
Nc3 Be7 9. Qc2 O-O 10. e4 dxe4 11. dxe4 Bc5 12. Na4 Bd6 13. Nd4 Be5 14. Nb3 b5
15. Nac5 Nxc5 16. Nxc5 Nd7 17. Be3 Nxc5 18. Bxc5 Re8 19. h3 Be6 20. Rfd1 Qf6
21. f4 Bxb2 22. e5 Bxe5 23. fxe5 Qxe5 24. Bxc6 Rac8 25. Bxe8 Rxc5 26. Qf2 Rc3
27. Bxf7+ 1-0

[Event "Qatar Masters Open 2014"]
[Site "Doha QAT"]
[Date "2014.12.02"]
[Round "7.51"]
[White "Sundararajan, Kidambi"]
[Black "Bologan, Viktor"]
[Result "1-0"]
[WhiteElo "2415"]
[BlackElo "2643"]
[PlyCount "91"]
[EventDate "2014.11.26"]
[EventType "swiss"]
[EventRounds "9"]
[EventCountry "QAT"]
[Source "lmi"]
[SourceDate "2014.11.26"]

1. Nf3 d6 2. g3 g6 3. Bg2 Bg7 4. O-O Nf6 5. c4 O-O 6. Nc3 a6 7. d3 e5 8. Rb1 h6
9. b4 Be6 10. a4 c6 11. b5 axb5 12. axb5 Nbd7 13. Bb2 d5 14. bxc6 bxc6 15. Nd2
d4 16. Nce4 Nxe4 17. Nxe4 Qc7 18. Qc2 Rfb8 19. Ra1 Rxa1 20. Rxa1 f5 21. Nd2 e4
22. Rb1 Qa5 23. Bc1 Rxb1 24. Qxb1 Nc5 25. Bf1 Kh7 26. Qb2 exd3 27. exd3 f4 28.
Qa3 Qb6 29. Qb2 Qa5 30. Qa3 Qc3 31. Qxc5 Qxc1 32. Qe7 Bh3 33. Qe2 h5 34. Nb3
Bxf1 35. Qxf1 Qc2 36. Nc5 f3 37. Ne6 Bf6 38. h4 Kh6 39. Nc5 g5 40. hxg5+ Bxg5
41. Qh3 h4 42. Ne4 Kh5 43. Qe6 hxg3 44. Nxg3+ Kh4 45. Nf5+ Kh5 46. Ng7+ 1-0

[Event "Qatar Masters Open 2014"]
[Site "Doha QAT"]
[Date "2014.12.02"]
[Round "7.52"]
[White "Neelotpal, Das"]
[Black "Ganguly, Surya Shekhar"]
[Result "1/2-1/2"]
[WhiteElo "2424"]
[BlackElo "2615"]
[PlyCount "66"]
[EventDate "2014.11.26"]
[EventType "swiss"]
[EventRounds "9"]
[EventCountry "QAT"]
[Source "lmi"]
[SourceDate "2014.11.26"]

1. e4 e5 2. Nf3 Nc6 3. Bc4 Bc5 4. c3 Nf6 5. d3 a6 6. Bb3 O-O 7. O-O d6 8. Re1
h6 9. Nbd2 Be6 10. Nf1 Bxb3 11. Qxb3 d5 12. Be3 Be7 13. Ng3 Re8 14. Rad1 Bf8
15. h3 Qd7 16. Bc1 Rad8 17. Qc2 Qe6 18. b3 g6 19. Bb2 Bg7 20. Qb1 b5 21. exd5
Nxd5 22. c4 Nf4 23. cxb5 axb5 24. d4 Rd5 25. dxe5 Red8 26. Rxd5 Qxd5 27. Kh2 b4
28. Qc2 Nd3 29. Rd1 Qb5 30. Qe2 Rd5 31. Qe4 Rd8 32. Qe2 Rd5 33. Qe4 Rd8 1/2-1/2

[Event "Qatar Masters Open 2014"]
[Site "Doha QAT"]
[Date "2014.12.02"]
[Round "7.53"]
[White "Socko, Bartosz"]
[Black "Nezad, Husein Aziz"]
[Result "1/2-1/2"]
[WhiteElo "2614"]
[BlackElo "2396"]
[PlyCount "105"]
[EventDate "2014.11.26"]
[EventType "swiss"]
[EventRounds "9"]
[EventCountry "QAT"]
[Source "lmi"]
[SourceDate "2014.11.26"]

1. e4 e5 2. Nf3 Nc6 3. Bb5 Nf6 4. d3 Bc5 5. O-O d6 6. c3 O-O 7. Nbd2 a6 8. Bxc6
bxc6 9. Nc4 h6 10. Be3 Bxe3 11. fxe3 Be6 12. Na5 c5 13. Nd2 Qd7 14. h3 Rab8 15.
Nac4 Nh7 16. Qh5 Ng5 17. b3 f5 18. exf5 Bxf5 19. e4 Be6 20. Qh4 Rxf1+ 21. Rxf1
Rf8 22. Rxf8+ Kxf8 23. Qf2+ Qf7 24. Qxf7+ Nxf7 25. Kf2 Nd8 26. Ne3 Nc6 27. Nf3
g6 28. Ke2 Kf7 29. Kd2 Ne7 30. h4 Ng8 31. g4 Nf6 32. g5 hxg5 33. hxg5 Nh5 34.
Kc2 Nf4 35. a3 Ke7 36. b4 cxb4 37. axb4 Kd7 38. c4 Kc6 39. d4 exd4 40. Nxd4+
Kd7 41. Nd5 Bxd5 42. exd5 Nh3 43. Ne6 c6 44. Kd3 cxd5 45. cxd5 Kc8 46. Ke3 Kb7
47. Kf3 Kb6 48. Kg3 Nxg5 49. Nxg5 Kb5 50. Kf4 Kxb4 51. Ne4 Kc4 52. Nxd6+ Kxd5
53. Nb7 1/2-1/2

[Event "Qatar Masters Open 2014"]
[Site "Doha QAT"]
[Date "2014.12.02"]
[Round "7.54"]
[White "Ipatov, Alexander"]
[Black "Kathmale, Sameer"]
[Result "1-0"]
[WhiteElo "2608"]
[BlackElo "2267"]
[PlyCount "57"]
[EventDate "2014.11.26"]
[EventType "swiss"]
[EventRounds "9"]
[EventCountry "QAT"]
[Source "lmi"]
[SourceDate "2014.11.26"]

1. d4 d5 2. Nf3 Nf6 3. c4 c6 4. Nc3 dxc4 5. a4 Bf5 6. e3 e6 7. Bxc4 Bb4 8. O-O
Nbd7 9. Nh4 Bg4 10. f3 Bh5 11. g4 Bg6 12. e4 O-O 13. g5 Ne8 14. Nxg6 hxg6 15.
Be3 Nd6 16. Bb3 Qe7 17. Qe2 c5 18. d5 c4 19. dxe6 Bxc3 20. bxc3 Qxe6 21. Bc2
Rfc8 22. Rfd1 Rc6 23. Rd5 Nf5 24. Bf4 Nh4 25. Qf2 Qh3 26. Bg3 Rc5 27. Bxh4 Rxd5
28. exd5 Ne5 29. Bg3 1-0

[Event "Qatar Masters Open 2014"]
[Site "Doha QAT"]
[Date "2014.12.02"]
[Round "7.56"]
[White "Gaponenko, Inna"]
[Black "Ankit, R. Rajpara"]
[Result "1-0"]
[WhiteElo "2381"]
[BlackElo "2494"]
[PlyCount "115"]
[EventDate "2014.11.26"]
[EventType "swiss"]
[EventRounds "9"]
[EventCountry "QAT"]
[Source "lmi"]
[SourceDate "2014.11.26"]

1. e4 c6 2. d4 d5 3. Nc3 dxe4 4. Nxe4 Bf5 5. Ng3 Bg6 6. h4 h6 7. Nf3 Nf6 8. h5
Bh7 9. Bd3 Bxd3 10. Qxd3 e6 11. Bd2 Be7 12. O-O-O c5 13. Ne4 Nc6 14. Bc3 Qd5
15. Nxf6+ Bxf6 16. dxc5 Qxc5 17. Bxf6 gxf6 18. Qd7+ Kf8 19. Qxb7 Rb8 20. Qc7
Qb5 21. b3 Rb7 22. Qf4 f5 23. Rh3 Qb4 24. Qxb4+ Nxb4 25. Kb2 Ke7 26. Ne5 Rg8
27. g3 Rc7 28. c4 Na6 29. Rh4 Kf6 30. Nf3 Nc5 31. Rhd4 Ne4 32. Rf1 a5 33. Nd2
Ke5 34. Nf3+ Kf6 35. Nd2 Ke5 36. Rd3 Nc5 37. Re1+ Kf6 38. Rd4 Ke7 39. Kc3 Rg5
40. Rh1 Nd7 41. a3 Nf6 42. b4 Ng4 43. Rf1 Rxh5 44. b5 Rh2 45. b6 Rc8 46. Nf3
Rg2 47. Rd2 Nf6 48. Rb2 Ne4+ 49. Kd4 Rd8+ 50. Ke3 Nxg3 51. Rfb1 f4+ 52. Kxf4
Nf5 53. b7 Kf6 54. Ne5 h5 55. b8=Q Rxb8 56. Nd7+ Ke7 57. Nxb8 Rg4+ 58. Kf3 1-0

[Event "Qatar Masters Open 2014"]
[Site "Doha QAT"]
[Date "2014.12.02"]
[Round "7.57"]
[White "Asgarizadeh, Ahmad"]
[Black "Potapov, Pavel"]
[Result "0-1"]
[WhiteElo "2371"]
[BlackElo "2479"]
[PlyCount "94"]
[EventDate "2014.11.26"]
[EventType "swiss"]
[EventRounds "9"]
[EventCountry "QAT"]
[Source "lmi"]
[SourceDate "2014.11.26"]

1. e4 c5 2. Nf3 Nc6 3. d4 cxd4 4. Nxd4 e5 5. Nb5 d6 6. N1c3 a6 7. Na3 Be7 8.
Nc4 b5 9. Ne3 Nf6 10. Bd3 O-O 11. O-O Nb4 12. Be2 Be6 13. a3 Nc6 14. Ned5 Rc8
15. Be3 Bxd5 16. Nxd5 Nxe4 17. a4 Nf6 18. Bb6 Qd7 19. Nxf6+ gxf6 20. axb5 axb5
21. Ra3 f5 22. Rh3 f4 23. Bxb5 Qf5 24. Qd5 Nb4 25. Qb7 Rb8 26. Qxe7 Rxb6 27. c4
Qg6 28. Ba4 Na6 29. Qa7 Rfb8 30. Bb5 Nc5 31. Qa3 Ne6 32. Rh4 Qf5 33. Qf3 Nd4
34. Rg4+ Kf8 35. Qh3 h5 36. Bd7 Qxd7 37. Rg8+ Ke7 38. Qh4+ Ke6 39. Qh3+ Nf5 40.
Rg5 Kf6 41. Rxh5 Rg8 42. c5 dxc5 43. Re1 Rg5 44. g4 fxg3 45. hxg3 Qd2 46. Ra1
Qxb2 47. Ra7 Rxg3+ 0-1